پر م پا ر س گو رو رو يد ا س (Record no. 93953)

MARC details
000 -LEADER
fixed length control field 00777nam a22002177a 4500
005 - DATE AND TIME OF LATEST TRANSACTION
control field 20150526162504.0
008 - FIXED-LENGTH DATA ELEMENTS--GENERAL INFORMATION
fixed length control field 140714b xxu||||| |||| 00| 0 Urdu d
010 ## - LCCN (DPL NO)
LC control number UR-8978
020 ## - INTERNATIONAL STANDARD BOOK NUMBER
Terms of availability 20.00
International Standard Book Number 9788184662306
035 ## - SYSTEM CONTROL NUMBER
System control number U-7533
037 ## - SOURCE OF ACQUISITION
Source of stock number/acquisition BPPD/Pub/Ven
040 ## - CATALOGING SOURCE
Original cataloging agency DPL
Language of cataloging Urdu
082 ## - DEWEY DECIMAL CLASSIFICATION NUMBER
Classification number 181.45
100 ## - MAIN ENTRY--PERSONAL NAME
Personal name کا شی نا تھ ا پا د ھيا ۓ
245 ## - TITLE STATEMENT
Title پر م پا ر س گو رو رو يد ا س
Statement of responsibility, etc کا شی نا تھ ا پا د ھيا ۓ
246 #h - VARYING FORM OF TITLE
Title proper/short title Param Paras Gururavidas
Remainder of title By Kashi Nath Upadhyay
260 ## - PUBLICATION, DISTRIBUTION, ETC. (IMPRINT)
Name of publisher, distributor, etc Radhaswami Sathsang Beays
Date of publication, distribution, etc 2013
Place of publication, distribution, etc Punjab
270 ## - ADDRESS
Address J.C.Secretary Radha SoamiSatsang Beas Dera baba Jaimal Singh
City Punjab
Telephone number -
Postal code 143204
300 ## - PHYSICAL DESCRIPTION
Extent 271ص
Dimensions 22Cm (Hb)
942 ## - ADDED ENTRY ELEMENTS (KOHA)
Source of classification or shelving scheme Dewey Decimal Classification
Item type Urdu Bks
Edition
Classification part 181.45
Call number suffix ک ا ش
Holdings
Withdrawn status Lost status Source of classification or shelving scheme Damaged status Not for loan Collection code Home library Current library Date acquired Source of acquisition Cost, normal purchase price Total Checkouts Full call number Barcode Date last seen Copy number Cost, replacement price Koha item type
    Dewey Decimal Classification   Not For Loan Non-fiction D.B.Act.Division D.B.Act.Division 26/05/2015 DBAD/Pub. 20.00   181.45 ک ا ش U-7533 26/05/2015 1 20.00 Urdu Bks

© Delhi Public Library
Hit Counter
free hit counter